Majmūʻat Khuṭab Saʻd Bāshā Zaghlūl al-ḥadīthah : wa-tahānī al-shuʻarāʼ bi-maqdamihi min al-manfá al-akhīr : maʻa muqaddimah fī al-waṭanīyah wa-nubdhah ʻan tārīkh ḥayāt Maʻālīh /
Main Author:
Other Authors:
Format: Book
Language:
Arabic
Undetermined
Published:
Miṣr :
Maṭbaʻat al-Muqtaṭaf wa-al-Muqaṭṭam,
1924.
Subjects:
Tags: Add Tag
Call Number: PJ7876 .A32 A16 1924
| LEADER | 01909nam a2200325Ia 4500 | ||
|---|---|---|---|
| 003 | OSt | ||
| 005 | 20240108075150.0 | ||
| 008 | 130303s1924 ua a 000 0aara d | ||
| 952 | |0 0 |1 0 |2 lcc |4 0 |6 PJ7876 A32 A16 01924 |7 1 |9 58998 |a ARCE |b ARCE |d 2024-01-08 |l 0 |o PJ7876 .A32 A16 1924 |p 1032272 |r 2024-01-08 00:00:00 |w 2024-01-08 |y BK | ||
| 999 | |c 26179 |d 26179 | ||
| 040 | |c ARCE Library | ||
| 041 | 1 | |a ara |h und | |
| 043 | |a f-ua--- | ||
| 050 | 4 | |a PJ7876 .A32 A16 1924 | |
| 100 | 1 | |6 880-01 |a Zaghlūl, Saʿd, |d 1857-1927, |e author | |
| 240 | 1 | 0 | |a Khuṭab Saʻd Bāshā Zaghlūl al-ḥadīthah. |l Arabic |
| 245 | 1 | 0 | |a Majmūʻat Khuṭab Saʻd Bāshā Zaghlūl al-ḥadīthah : |b wa-tahānī al-shuʻarāʼ bi-maqdamihi min al-manfá al-akhīr : maʻa muqaddimah fī al-waṭanīyah wa-nubdhah ʻan tārīkh ḥayāt Maʻālīh / |c li-jāmiʻihā Maḥmūd Fuʼād ; ʻuniya bi-nashrihā Yūsuf Tūmā al-Bustānī. |
| 264 | 1 | |a Miṣr : |b Maṭbaʻat al-Muqtaṭaf wa-al-Muqaṭṭam, |c 1924. | |
| 300 | |a 147 pages : |b illustrations ; |c 20 cm. | ||
| 336 | |2 rdacontent |a text |b txt | ||
| 337 | |2 rdamedia |a unmediated |b n | ||
| 338 | |2 rdacarrier |a volume |b n | ||
| 500 | |a Translation of : Khuṭab Saʻd Bāshā Zaghlūl al-ḥadīthah. | ||
| 600 | 1 | 0 | |a Zaghlūl, Saʻd, |d 1857-1927. |
| 651 | 0 | |a Egypt |x Politics and government |y 1919-1952 |v Sources. | |
| 700 | 1 | |a Bustānī, Yūsuf Tūmā, |d 1892-1952. | |
| 880 | 1 | |6 100-01/(3/r |a زغلول، سعد، |d 1857-1927. | |
| 880 | 1 | 0 | |6 245-02/(3/r |a مجموعة خطب سعد باشا زغلول الحديثة : |b وتهانى الشعراء بمقدمه من المنفى الأخير : مع مقدمة فى الوطنية ونبذة عن تاريخ حياة معاليه |c لجامعها محمود فؤاد ؛ عني بنشرها يوسف توما البستاني |
| 901 | |a reviewed | ||
| 942 | |c BK |2 lcc | ||
